| 000 -LEADER |
| fixed length control field |
01366pam a2200325 a 4500 |
| 001 - CONTROL NUMBER |
| control field |
645698495 |
| 003 - CONTROL NUMBER IDENTIFIER |
| control field |
OCoLC |
| 005 - DATE AND TIME OF LATEST TRANSACTION |
| control field |
20190805111336.0 |
| 008 - FIXED-LENGTH DATA ELEMENTS--GENERAL INFORMATION |
| fixed length control field |
100622r20102002enka b 001 0 eng |
| 020 ## - INTERNATIONAL STANDARD BOOK NUMBER |
| International Standard Book Number |
9780199590025 (pbk.) |
| 020 ## - INTERNATIONAL STANDARD BOOK NUMBER |
| International Standard Book Number |
0199590028 (pbk.) |
| 035 ## - SYSTEM CONTROL NUMBER |
| System control number |
(OCoLC)645698495 |
| 040 ## - CATALOGING SOURCE |
| Original cataloging agency |
UKM |
| Transcribing agency |
UKM |
| Modifying agency |
YDXCP |
| -- |
GPRCL |
| -- |
GCmBT |
| 082 04 - DEWEY DECIMAL CLASSIFICATION NUMBER |
| Classification number |
510 ACH |
| Edition number |
22 |
| 091 ## - MICROFILM SHELF LOCATION (AM) [OBSOLETE] |
| Microfilm shelf location |
510 |
| 100 1# - MAIN ENTRY--PERSONAL NAME |
| Personal name |
Acheson, D. J. |
| Relator term |
author |
| 245 10 - TITLE STATEMENT |
| Title |
1089 and all that : |
| Remainder of title |
a journey into mathematics / |
| Statement of responsibility, etc. |
David Acheson. |
| 246 3# - VARYING FORM OF TITLE |
| Title proper/short title |
Ten eighty nine and all that. |
| 246 3# - VARYING FORM OF TITLE |
| Title proper/short title |
Ten thousand and eighty nine and all that. |
| 260 ## - PUBLICATION, DISTRIBUTION, ETC. |
| Place of publication, distribution, etc. |
Oxford : |
| Name of publisher, distributor, etc. |
Oxford University Press, |
| Date of publication, distribution, etc. |
2010. |
| 300 ## - PHYSICAL DESCRIPTION |
| Extent |
v, 178 p. : |
| Other physical details |
ill. ; |
| Dimensions |
18 cm. |
| 500 ## - GENERAL NOTE |
| General note |
Originally published: 2002. |
| 504 ## - BIBLIOGRAPHY, ETC. NOTE |
| Bibliography, etc. note |
Includes bibliographical references (p. 171) and index. |
| 505 0# - FORMATTED CONTENTS NOTE |
| Formatted contents note |
1089 and all that -- 'In love with geometry' -- But-- that's absurd- -- The trouble with algebra -- The heavens in motion -- All change! -- On being as small as possible -- 'Are we nearly there?' -- A brief history of [pi] -- Good vibrations -- Great mistakes -- What is the secret of all life? -- E = 2.718-- -- Chaos and catastrophe -- Not quite the Indian rope trick -- Real or imaginary? |
| 650 #0 - SUBJECT ADDED ENTRY--TOPICAL TERM |
| Topical term or geographic name entry element |
Mathematics. |
| 901 ## - LOCAL DATA ELEMENT A, LDA (RLIN) |
| a |
BTCLSBT110510G |
| 901 ## - LOCAL DATA ELEMENT A, LDA (RLIN) |
| a |
BTCLSM110509D |
| 942 ## - ADDED ENTRY ELEMENTS (KOHA) |
| Source of classification or shelving scheme |
|
| Koha item type |
Books - Non Ficton |
| 945 ## - LOCAL PROCESSING INFORMATION (OCLC) |
| a |
.o13752789 |